Vplyv tarifnej politiky a ďalších faktorov na prepravné výkony verejnej hromadnej osobnej dopravy
Vývoj počtu prepravovaných osôb verejnou hromadnou osobnou dopravou. Tarifná politika vo verejnej hromadnej osobnej doprave. Zhodnotenie vplyvu ceny verejnej hromadnej osobnej dopravy a ďalších faktorov na jej výkony.
Na minha lista:
| Autor principal: | |
|---|---|
| Outros Autores: | |
| Formato: | Capítulo de Livro |
| Idioma: | eslovaco |
| Assuntos: | |
| Tags: |
Sem tags, seja o primeiro a adicionar uma tag!
|
MARC
| LEADER | 00000naa a2200000 4500 | ||
|---|---|---|---|
| 001 | r045981 | ||
| 005 | 20230825085621.3 | ||
| 041 | 0 | |a slo | |
| 044 | |a SK | ||
| 245 | 1 | 0 | |a Vplyv tarifnej politiky a ďalších faktorov na prepravné výkony verejnej hromadnej osobnej dopravy |c Jozef Gnap, Miloš Poliak |
| 520 | |a Vývoj počtu prepravovaných osôb verejnou hromadnou osobnou dopravou. Tarifná politika vo verejnej hromadnej osobnej doprave. Zhodnotenie vplyvu ceny verejnej hromadnej osobnej dopravy a ďalších faktorov na jej výkony. | ||
| 610 | 2 | 0 | |a doprava hromadná |
| 610 | 2 | 0 | |a doprava osobná |
| 610 | 2 | 0 | |a doprava železničná osobná |
| 610 | 2 | 0 | |a doprava cestná osobná |
| 610 | 2 | 0 | |a automobily osobné |
| 610 | 2 | 0 | |a miera nezamestnanosti |
| 610 | 2 | 0 | |a 1995-2000 |
| 610 | 2 | 0 | |a Slovensko |
| 100 | 1 | |a Gnap, Jozef | |
| 700 | 1 | |a Poliak, Miloš | |